书目信息 |
| 题名: |
体育
|
|
| 作者: | 韩清林 主编 | |
| 分册: | 第一册 | |
| 出版信息: | 石家庄 河北教育出版社 |
|
| 页数: | 98页 | |
| 开本: | 20cm | |
| 丛书名: | ||
| 单 册: | ||
| 中图分类: | G8 | |
| 科图分类: | ||
| 主题词: | 体育 | |
| 电子资源: | ||
| ISBN: | 7-5434-1864-9 | |
| 000 | 00628nam0 2200241 45 | |
| 001 | 0184005748 | |
| 005 | 20070606094803.26 | |
| 010 | @a7-5434-1864-9@dCNY2.70 | |
| 100 | @a19951027d1984 em y0chiy0121 ea | |
| 101 | 0 | @achi |
| 102 | @aCN@b130000 | |
| 102 | @aCN@b310000 | |
| 105 | @ay z 000yy | |
| 200 | 10 | @a体育@h第一册@f韩清林主编@Fhan qing lin zhu bian |
| 210 | @a石家庄@c河北教育出版社 | |
| 215 | @a98页@d20cm | |
| 300 | @a河北省初级中学课本 | |
| 606 | @a体育 | |
| 690 | @aG8@v3 | |
| 701 | 0 | @a韩清林@Ahan qing lin@4主编 |
| 801 | 0 | @aCN@bTSSF@c20070606 |
| 801 | 2 | @aCN@bNLC@c20070602 |
| 905 | @a10447@dG8@e260:1 | |
| 体育.第一册/韩清林主编.-石家庄:河北教育出版社 |
| 98页;20cm |
| 河北省初级中学课本 |
| ISBN 7-5434-1864-9:CNY2.70 |
| ● |
| 相关链接 |
|
|
|
|
正题名:体育
索取号:G8/260:1
 
预约/预借
| 序号 | 登录号 | 条形码 | 馆藏地/架位号 | 状态 | 备注 |
| 1 | 0407554 | 204075543 | 第一样本阅览室/ [索取号:G8/260:1] | 在馆 | |
| 2 | 0407555 | 204075552 | 密集书库/ [索取号:G8/260:1] | 在馆 | |
| 3 | 0407556 | 204075561 | 密集书库/ [索取号:G8/260:1] | 在馆 | |
| 4 | 0407557 | 204075570 | 密集书库/ [索取号:G8/260:1] | 在馆 | |
| 5 | 0407558 | 204075589 | 密集书库/ [索取号:G8/260:1] | 在馆 | |
| 6 | 0407559 | 204075598 | 密集书库/ [索取号:G8/260:1] | 在馆 | |
| 7 | 0407560 | 204075605 | 密集书库/ [索取号:G8/260:1] | 在馆 | |
| 8 | 0407561 | 204075614 | 密集书库/ [索取号:G8/260:1] | 在馆 | |
| 9 | 0407562 | 204075623 | 密集书库/ [索取号:G8/260:1] | 在馆 | |
| 10 | 0407563 | 204075632 | 密集书库/ [索取号:G8/260:1] | 在馆 | |
| 11 | 0407564 | 204075641 | 密集书库/ [索取号:G8/260:1] | 在馆 | |
| 12 | 0407565 | 204075650 | 密集书库/ [索取号:G8/260:1] | 在馆 | |
| 13 | 0407566 | 204075669 | 密集书库/ [索取号:G8/260:1] | 在馆 | |
| 14 | 0407567 | 204075678 | 密集书库/ [索取号:G8/260:1] | 在馆 | |
| 15 | 0407568 | 204075687 | 密集书库/ [索取号:G8/260:1] | 在馆 | |
| 16 | 0407569 | 204075696 | 密集书库/ [索取号:G8/260:1] | 在馆 | |
| 17 | 0407570 | 204075703 | 密集书库/ [索取号:G8/260:1] | 在馆 | |
| 18 | 0407571 | 204075712 | 密集书库/ [索取号:G8/260:1] | 在馆 | |
| 19 | 0407572 | 204075721 | 密集书库/ [索取号:G8/260:1] | 在馆 | |
| 20 | 0407573 | 204075730 | 密集书库/ [索取号:G8/260:1] | 在馆 | |
| 21 | 0407574 | 204075749 | 密集书库/ [索取号:G8/260:1] | 在馆 | |
| 22 | 0407575 | 204075758 | 密集书库/ [索取号:G8/260:1] | 在馆 | |
| 23 | 0407576 | 204075767 | 密集书库/ [索取号:G8/260:1] | 在馆 | |
| 24 | 0407577 | 204075776 | 密集书库/ [索取号:G8/260:1] | 在馆 | |
| 25 | 0407578 | 204075785 | 密集书库/ [索取号:G8/260:1] | 在馆 | |
| 26 | 0407579 | 204075794 | 密集书库/ [索取号:G8/260:1] | 在馆 | |
| 27 | 0407580 | 204075801 | 密集书库/ [索取号:G8/260:1] | 在馆 | |
| 28 | 0407581 | 204075810 | 密集书库/ [索取号:G8/260:1] | 在馆 | |
| 29 | 0407582 | 204075829 | 密集书库/ [索取号:G8/260:1] | 在馆 | |
| 30 | 0407583 | 204075838 | 密集书库/ [索取号:G8/260:1] | 在馆 | |
| 31 | 0407584 | 204075847 | 密集书库/ [索取号:G8/260:1] | 在馆 | |
| 32 | 0407585 | 204075856 | 密集书库/ [索取号:G8/260:1] | 在馆 | |
| 33 | 0407586 | 204075865 | 密集书库/ [索取号:G8/260:1] | 在馆 | |
| 34 | 0407587 | 204075874 | 密集书库/ [索取号:G8/260:1] | 在馆 | |
| 35 | 0407588 | 204075883 | 密集书库/ [索取号:G8/260:1] | 在馆 | |
| 36 | 0407589 | 204075892 | 密集书库/ [索取号:G8/260:1] | 在馆 | |
| 37 | 0407590 | 204075909 | 密集书库/ [索取号:G8/260:1] | 在馆 | |
| 38 | 0407591 | 204075918 | 密集书库/ [索取号:G8/260:1] | 在馆 | |
| 39 | 0407592 | 204075927 | 密集书库/ [索取号:G8/260:1] | 在馆 | |
| 40 | 0407593 | 204075936 | 密集书库/ [索取号:G8/260:1] | 在馆 | |
| 41 | 0407594 | 204075945 | 密集书库/ [索取号:G8/260:1] | 在馆 | |
| 42 | 0407595 | 204075954 | 密集书库/ [索取号:G8/260:1] | 在馆 | |
| 43 | 0407596 | 204075963 | 密集书库/ [索取号:G8/260:1] | 在馆 | |
| 44 | 0407597 | 204075972 | 密集书库/ [索取号:G8/260:1] | 在馆 | |
| 45 | 0407598 | 204075981 | 密集书库/ [索取号:G8/260:1] | 在馆 | |
| 46 | 0407599 | 204075990 | 密集书库/ [索取号:G8/260:1] | 在馆 | |
| 47 | 0407600 | 204076007 | 密集书库/ [索取号:G8/260:1] | 在馆 | |
| 48 | 0407601 | 204076016 | 密集书库/ [索取号:G8/260:1] | 在馆 | |
| 49 | 0407602 | 204076025 | 密集书库/ [索取号:G8/260:1] | 在馆 | |
| 50 | 0407603 | 204076034 | 密集书库/ [索取号:G8/260:1] | 在馆 | |
| 51 | 0407604 | 204076043 | 密集书库/ [索取号:G8/260:1] | 在馆 | |
| 52 | 0407605 | 204076052 | 密集书库/ [索取号:G8/260:1] | 在馆 | |
| 53 | 0407606 | 204076061 | 密集书库/ [索取号:G8/260:1] | 在馆 | |
| 54 | 0407607 | 204076070 | 密集书库/ [索取号:G8/260:1] | 在馆 | |
| 55 | 0407608 | 204076089 | 密集书库/ [索取号:G8/260:1] | 在馆 | |
| 56 | 0407609 | 204076098 | 密集书库/ [索取号:G8/260:1] | 在馆 | |
| 57 | 0407610 | 204076105 | 密集书库/ [索取号:G8/260:1] | 在馆 | |
| 58 | 0407611 | 204076114 | 密集书库/ [索取号:G8/260:1] | 在馆 | |
| 59 | 0407612 | 204076123 | 密集书库/ [索取号:G8/260:1] | 在馆 | |
| 60 | 0407613 | 204076132 | 密集书库/ [索取号:G8/260:1] | 在馆 |